[Event "Unna op"]
[Site "Unna"]
[Date "2010.12.28"]
[Round "4.8"]
[White "Demin, Wladimir"]
[Black "Dirks, Martin"]
[Result "0-1"]
[WhiteElo "1908"]
[BlackElo "2068"]
[PlyCount "92"]
[EventDate "2010.12.27"]
[EventType "swiss"]
[EventRounds "7"]
[EventCountry "GER"]
[SourceTitle "CBM 140 Extra"]
[Source "ChessBase"]
[SourceDate "2011.03.01"]
[SourceVersion "1"]
[SourceVersionDate "2011.03.01"]
[SourceQuality "1"]

1. d4 Nf6 2. Nf3 c5 3. d5 Ne4 4. Qd3 Qa5+ 5. Nbd2 Nd6 6. c4 g6 7. e4 Bg7 8. Be2 b5 9. 0-0 bxc4 10. Nxc4 Nxc4 11. Qxc4 Ba6 12. Qc2 d6 13. Bd2 Qb6 14. Qa4+ Kf8 15. Bxa6 Nxa6 16. Bc3 Bxc3 17. bxc3 Rb8 18. e5 Kg7 19. h4 Qb5 20. Qe4 Qa5 21. Qe3 Rb2 22. h5 Rd8 23. h6+ Kf8 24. Rfe1 Qc7 25. e6 f6 26. Qf4 Kg8 27. Ng5 Qa5 28. Ne4 Rf8 29. Re3 Rxa2 30. Rae1 c4 31. Rf3 Qxd5 32. Nxd6 Qxd6 33. Qxd6 exd6 34. e7 Re8 35. Rxf6 Rd2 36. Re4 Rd5 37. g4 g5 38. f4 Nc5 39. Re2 Nd7 40. Rfe6 gxf4 41. R6e4 f3 42. Rf2 Ne5 43. Kh2 Rxe7 44. Kg3 Rf7 45. Re3 Rd3 46. Rxd3 Nxd3 0-1